000 00385pab a2200145 454500
008 180718b2015 xxu||||| |||| 00| 0 eng d
100 _aSachita, Nanda Sa
245 _aPublic health expenditure in India, 1991-2009: growth and instability
260 _c2015
300 _ap.103-122.
362 _aJun
700 _aSridevi, G.
773 _aMan and Development
909 _a108860
999 _c108855
_d108855